LIBRARY & INFORMATION CENTRE, KCAET, TAVANUR

ONLINE PUBLIC ACCESS CATALOGUE (OPAC)

Agriculture in India, Vol 2 / (Record no. 2561)

MARC details
000 -LEADER
fixed length control field 00509cam a2200205ua 4500
041 ## - LANGUAGE CODE
Language code of text/sound track or separate title eng
082 ## - DEWEY DECIMAL CLASSIFICATION NUMBER
Classification number 630
Item number KUM/AG
100 ## - MAIN ENTRY--AUTHOR NAME
Personal name Kumar, L.S.S .
245 ## - TITLE STATEMENT
Title Agriculture in India, Vol 2 /
250 ## - EDITION STATEMENT
Edition statement 1 /
260 ## - PUBLICATION, DISTRIBUTION, ETC. (IMPRINT)
Place of publication :
Name of publisher Asia Publishing House ,
Year of publication 1963.
300 ## - PHYSICAL DESCRIPTION
Number of Pages 243 ; .
700 1# - ADDED ENTRY--PERSONAL NAME
Personal name Aggarwala, A.C .
700 1# - ADDED ENTRY--PERSONAL NAME
Personal name Arakeri, H.R .
700 1# - ADDED ENTRY--PERSONAL NAME
Personal name Kamath, M.G .
700 1# - ADDED ENTRY--PERSONAL NAME
Personal name Moore, Earl.N .
942 ## - ADDED ENTRY ELEMENTS (KOHA)
Koha item type Books
Holdings
Withdrawn status Lost status Damaged status Home library Current library Date acquired Cost, normal purchase price Full call number Accession Number Koha item type
Withdrawn     KAUAET KAUAET 07/04/2012 14.00 630 7597 Books
free website counter